000 00659cab a2200229 4500
001 WB2914-52
008 090401t1993 xxu||||| |||| 00| 0 eng d
035 _a(Sirsi) u92675
041 _aeng
245 _aUrban programme package
260 _c1993
350 _a0
490 _aAction for Cities News Release
_v(231) 30 March 1993 (2)
520 _aThe allocation for 1993/4 of £163m to the 57 Urban Programme authorities in England has been announced.
650 _aCAPITAL PARTNERSHIP PROGRAMME
650 _aFUNDING
650 _aINNER CITIES
650 _aURBAN PROGRAMME
690 _aURBAN RENEWAL
942 _n0
948 _c04/03/1997
999 _c58743
_d58743